000 00273nam a22001217a 4500
041 _aENG
100 _aAndrew.D
245 _aModern Refrigeration Airconditioning
260 _aLandon
_bThe Goodheart
_c1975
300 _a988
650 _aAPE ( 02 )
856 _uAPE ( 02 )
999 _c2857
_d2857